000 01017nam a2200241Ia 4500
999 _c52446
_d52446
001 19469
003 GE_BSU
005 20251031142950.0
008 181216s1985||||ge |||||||||||||| ||geo||
040 _cGE_BSU
041 _ageo
080 _a811.353.1'38 ე-49
100 _aონიანი, ალექსანდრე
_914546
245 _aქართული იდიომები /
_cალექსანდრე ონიანი; რედაქტორი გ. ახვლედიანი; მხატვარი ჯ. ყავლაშვილი.
264 _aთბილისი :
_bნაკადული,
_c1966.
300 _a196 გვ.;
_b22 სმ.
541 _h1ლ.
653 _aქართული ენა
653 _aქართული იდიომები;
700 _aახვლედიანი, გ.
_eრედაქტორი
_92910
700 _aყავლაშვილი, ჯ.
_eმხატვარი
_95903
942 _cBK
_2udc